Gia công tia lửa điện CNC : giáo trình dùng cho sinh viên, kỹ sư và học viên cao học các ngành kỹ thuật
Sách cung cấp những kiến thức liên quan đến gia công kim loại bằng điều khiển số CNC: Nền tảng công nghệ CNC, bảo trì thiết bị CNC, phay năm trục điều khiển CNC, hệ thống cam, đo lường với máy đo ba chiều điều khiển CNC...
Đã lưu trong:
| Príomhúdar: | |
|---|---|
| Formáid: | Leabhar |
| Teanga: | Undetermined |
| Foilsithe: |
Hà Nội
Khoa học và Kỹ thuật
2005
|
| Ábhair: | |
| Clibeanna: |
Cuir Clib Leis
Gan Chlibeanna, Bí ar an gcéad duine leis an taifead seo a chlibeáil!
|
| Thư viện lưu trữ: | Trung tâm Học liệu Trường Đại học Cần Thơ |
|---|
| LEADER | 01073nam a2200229Ia 4500 | ||
|---|---|---|---|
| 001 | CTU_102555 | ||
| 008 | 210402s9999 xx 000 0 und d | ||
| 020 | |c 26000 | ||
| 082 | |a 621.9023 | ||
| 082 | |b Â121 | ||
| 100 | |a Vũ, Hoài Ân | ||
| 245 | 0 | |a Gia công tia lửa điện CNC : | |
| 245 | 0 | |b giáo trình dùng cho sinh viên, kỹ sư và học viên cao học các ngành kỹ thuật | |
| 245 | 0 | |c Vũ Hoài Ân | |
| 260 | |a Hà Nội | ||
| 260 | |b Khoa học và Kỹ thuật | ||
| 260 | |c 2005 | ||
| 520 | |a Sách cung cấp những kiến thức liên quan đến gia công kim loại bằng điều khiển số CNC: Nền tảng công nghệ CNC, bảo trì thiết bị CNC, phay năm trục điều khiển CNC, hệ thống cam, đo lường với máy đo ba chiều điều khiển CNC | ||
| 650 | |a Machine,Mechanical engineering | ||
| 650 | |x Numerical control,Tools | ||
| 904 | |i Hiếu, Huỳnh Mai | ||
| 980 | |a Trung tâm Học liệu Trường Đại học Cần Thơ | ||